=LDR 00000nam 2200000 4500 =001 000496 =005 20250710101703 =035 ##$$a 0010-0725000358 =007 ta =008 250710################a##########0#ind## =020 ##$$a 978-623-472-472-1 =082 ##$$a 398.209 598 =084 ##$$a 398.209 598 RAO c =100 #$$a Rao, Shruthi =245 1#$$a Coba Lihat Lagi! /$c Shruthi Rao =250 ##$$a cetakan pertama =260 ##$$a Jakarta :$b Badan pengembangan dan pembinaan bahasa,$c 2022 =300 ##$$a 20 hlm. : $b ilus. ; $c 22,9 cm$e 398.209 598 =650 #4$$a Cerita Anak Indonesia =856 ##$$a TBM As Suhada =990 ##$$a TBM202400249